[Event "Golden Cleopatra op 5th"]
[Site "Cairo"]
[Date "2001.05.05"]
[Round "4"]
[White "Himdan, Maher"]
[Black "Ezat, Mohamed Mahmoud"]
[Result "1/2-1/2"]
[WhiteElo "2348"]
[BlackElo "2332"]
[PlyCount "34"]
[EventDate "2001.05.02"]
[EventType "swiss"]
[EventRounds "10"]
[EventCountry "EGY"]
[SourceTitle "CBM 082 Extra"]
[Source "ChessBase"]
[SourceDate "2001.07.03"]
[SourceVersion "1"]
[SourceVersionDate "2001.07.03"]
[SourceQuality "1"]

1. e4 c6 2. d4 d5 3. Nd2 dxe4 4. Nxe4 Nd7 5. Ng5 Ngf6 6. Bd3 e6 7. N1f3 Bd6 8. Qe2 h6 9. Ne4 Nxe4 10. Qxe4 Qc7 11. Bd2 b6 12. Qg4 g5 13. Qh3 Rg8 14. g4 Bf8 15. 0-0-0 Bb7 16. Rhe1 Bg7 17. Kb1 0-0-0 1/2-1/2

[Event "Tanta op 4th"]
[Site "Tanta"]
[Date "2001.04.26"]
[Round "8"]
[White "Himdan, Maher"]
[Black "Sameeh, Hany"]
[Result "0-1"]
[WhiteElo "2348"]
[BlackElo "2313"]
[PlyCount "68"]
[EventDate "2001.04.18"]
[EventType "swiss"]
[EventRounds "9"]
[EventCountry "EGY"]
[SourceTitle "CBM 082 Extra"]
[Source "ChessBase"]
[SourceDate "2001.07.03"]
[SourceVersion "1"]
[SourceVersionDate "2001.07.03"]
[SourceQuality "1"]

1. e4 c5 2. Nf3 d6 3. d4 cxd4 4. Nxd4 Nf6 5. Nc3 Nc6 6. Bc4 e6 7. Be3 Qc7 8. Qe2 Be7 9. 0-0-0 a6 10. Bb3 Na5 11. g4 b5 12. g5 Nxb3+ 13. axb3 Nd7 14. h4 b4 15. Na2 a5 16. h5 Nc5 17. g6 fxg6 18. hxg6 h6 19. e5 d5 20. Qf3 Rf8 21. Qh5 Kd7 22. f4 Ba6 23. Kb1 Kc8 24. Qg4 Qd7 25. Nc1 Kb7 26. Nd3 Bxd3 27. cxd3 a4 28. bxa4 Qxa4 29. Kc1 Qa6 30. Qe2 b3 31. Qf1 Ne4 32. dxe4 Rfc8+ 33. Nc6 Rxc6+ 34. Kd2 Rc2+ 0-1

[Event "Tanta op 4th"]
[Site "Tanta"]
[Date "2001.04.24"]
[Round "6"]
[White "Likavsky, Tomas"]
[Black "Himdan, Maher"]
[Result "1-0"]
[WhiteElo "2425"]
[BlackElo "2348"]
[PlyCount "85"]
[EventDate "2001.04.18"]
[EventType "swiss"]
[EventRounds "9"]
[EventCountry "EGY"]
[SourceTitle "CBM 082 Extra"]
[Source "ChessBase"]
[SourceDate "2001.07.03"]
[SourceVersion "1"]
[SourceVersionDate "2001.07.03"]
[SourceQuality "1"]

1. d4 Nf6 2. c4 e6 3. Nc3 Bb4 4. g3 0-0 5. Bg2 d5 6. Nf3 dxc4 7. Ne5 Nd5 8. Bd2 Nb6 9. Ne4 Bxd2+ 10. Qxd2 f6 11. Nf3 Nd5 12. 0-0 b5 13. b3 cxb3 14. axb3 Nd7 15. Ra5 a6 16. Rfa1 Rb8 17. Ne1 f5 18. Ng5 Qe7 19. Nd3 h6 20. Nf3 c5 21. Nfe5 Nxe5 22. Nxe5 Qd6 23. Ng6 Re8 24. dxc5 Qxc5 25. Rc1 Qd6 26. Nf4 Bb7 27. Ra2 Rbd8 28. Nxd5 Bxd5 29. Bxd5 exd5 30. Rac2 Qe6 31. Qd4 Re7 32. e3 Rd6 33. h4 Qg6 34. Rc8+ Kh7 35. Rf8 Re8 36. h5 Qe6 37. Rc7 Rd7 38. Rc6 Qxc6 39. Rxe8 Qc1+ 40. Kg2 Qc2 41. Qb6 f4 42. e4 f3+ 43. Kh3 1-0